000 00424nam a2200157 i 4500
001 bg
100 1 _aMITRINOVIĆ, Dragoslav R.
245 0 _aElementarne nierówności /
_cDragoslav R. Mitrinović, Petr M. Vasić, Radvan R. Janic.
260 _aWarszawa,
_c1972.
700 1 _aVASIĆ, Petr M.
700 1 _aJANIC, Radvan R.
040 _cBPK
041 _apol
942 _cKS
008 s pl f |000 0 pol
999 _c7566
_d7566
856 _uhttp://koha.tu.koszalin.pl/cgi-bin/koha/opac-detail.pl?biblionumber=7566
_yKatalog online BPK